| 000 | 01223nam a2200229Ia 4500 | ||
|---|---|---|---|
| 001 | L230-5749 | ||
| 003 | IT-CnALBA | ||
| 008 | 170116s9999||||xx |||||||||||||| ||und|| | ||
| 040 |
_aIT-CnALBA _cIT-CnALBA |
||
| 041 | _aLATINO | ||
| 100 | _aBILLOT G. P. | ||
| 245 | 0 | _aDE VIRTUTIBUS INFUSIS. COMMENTARIUS IN SECUNDAM PARTEM S. THOMAE. | |
| 250 | _a4a ed. | ||
| 260 |
_aROMA _bGREGORIANA PONTIFICIA UNIVERSITÀ _c1928 [1° Ed.: n.d.] |
||
| 300 | _a446 p. (prefazione: 514) | ||
| 500 | _aVIRTÙ INFUSE E VIRTÙ TEOLOGICHE. ABITUDINI NATURALI. VIRTÙ SOPRANNATURALI. DISTINSIONE TRA NATURALE E SOPRANNATURALE. VIRTÙ TEOLOGICHE. VIRTÙ MORALI. DONI DELLO SPIRITO SANTO. LA FEDE LA SPERANZA E LA CARITÀ VIZI OPPOSTI ALLA FEDE SPERANZA E CARITÀ. | ||
| 501 | _aSocietà San Paolo EM - Piazza San Paolo, 14 - 12051 ALBA (CN) (non commercial uses only) ® Copyright 2017 | ||
| 520 | _aVIRTÙ INFUSE E VIRTÙ TEOLOGICHE. ABITUDINI NATURALI. VIRTÙ SOPRANNATURALI. DISTINSIONE TRA NATURALE E SOPRANNATURALE. VIRTÙ TEOLOGICHE. VIRTÙ MORALI. DONI DELLO SPIRITO SANTO. LA FEDE LA SPERANZA E LA CARITÀ VIZI OPPOSTI ALLA FEDE SPERANZA E CARITÀ. | ||
| 650 | _aDOGMATICA CRISTIANA | ||
| 942 | _cBK | ||
| 957 | _71 | ||
| 999 |
_a6728 _bSI _g Copie: 1 _c264934 _d264934 |
||